Les entre-lieux de la culture
Gorde:
| Formatua: | Liburua |
|---|---|
| Hizkuntza: | Undetermined |
| Argitaratua: |
Paris
L'Harmattan
1998
|
| Gaiak: | |
| Etiketak: |
Etiketa erantsi
Etiketarik gabe, Izan zaitez lehena erregistro honi etiketa jartzen!
|
| Thư viện lưu trữ: | Trung tâm Học liệu Trường Đại học Cần Thơ |
|---|
| LEADER | 00477nam a2200169Ia 4500 | ||
|---|---|---|---|
| 001 | CTU_56427 | ||
| 008 | 210402s9999 xx 000 0 und d | ||
| 082 | |a 306.446 | ||
| 082 | |b E61 | ||
| 245 | 0 | |a Les entre-lieux de la culture | |
| 245 | 0 | |c Laurier Turgeon ... [et al.] | |
| 260 | |a Paris | ||
| 260 | |b L'Harmattan | ||
| 260 | |c 1998 | ||
| 650 | |a sociolinguistics,language and languages | ||
| 650 | |x social aspects | ||
| 980 | |a Trung tâm Học liệu Trường Đại học Cần Thơ | ||